Aysen carta del mar nuevo

Salvato in:
Dettagli Bibliografici
Autore principale: Balcells Eyquem, Ignacio (Autore)
Natura: Libro
Lingua:spagnolo
Pubblicazione: Puerto Chacabuco Pesquera Friosur 1988
Soggetti:
Tags: Aggiungi Tag
Nessun Tag, puoi essere il primo ad aggiungerne!!

MARC

LEADER 00000nam a2200000 a 4500
001 UCV7850
003 CL-VaPUC
008 891114e19880000CL |||||||||||||||||spa|d
082 0 4 |a 983.622  |b BAL  |2 21 
100 0 |a Balcells Eyquem, Ignacio  |e author  |9 301959 
245 1 0 |a Aysen carta del mar nuevo 
300 |a 99 p 
942 |c BK 
945 |d 19891114 00:00:00 
260 |a Puerto Chacabuco  |b Pesquera Friosur  |c 1988 
650 0 |a Descripciones y viajes  |9 262159 
651 0 |a Aysén  |9 265657 
583 |a last modification  |c 19891114 00:00:00  |k Rodrigo Vera 
999 |c 213461  |d 213459 
952 |0 0  |1 0  |4 0  |6 983_622000000000000_BAL_1988  |7 0  |8 R  |9 195862  |a BIBARQ  |b BIBARQ  |d 2019-11-14  |i 263855K  |l 5  |o 983.622 BAL 1988  |p 263855K  |r 2025-01-20  |s 2023-11-08  |w 2019-11-14  |y BK_R  |k ARQ 
952 |0 0  |1 0  |4 0  |6 983_622000000000000_BAL_1988  |7 0  |8 A  |9 195863  |a BIBART  |b BIBART  |d 2019-11-14  |i 3748804  |o 983.622 BAL 1988  |p 3748804  |r 2025-03-13  |w 2019-11-14  |y BK  |k ART